| 000 | 00000nam 2200000zi 4500 |
| 001 | 9.934226 |
| 003 | CaOODSP |
| 005 | 20250124142538 |
| 006 | m o d f |
| 007 | cr |n||||||||| |
| 008 | 240220s1978 oncabd ob f000 0|eng d |
| 040 | |aCaOODSP|beng|erda|cCaOODSP |
| 043 | |an-cn---|aa-su--- |
| 086 | 1 |aId37-25/1978E-PDF |
| 100 | 1 |aRifaat, M., |eauthor. |
| 245 | 10|aConstruction trade mission to Saudi Arabia, February 1978 / |cM. Rifaat. |
| 246 | 34|aConstruction mission to Saudi Arabia, February 1978 |
| 264 | 1|a[Ottawa] : |bGovernment of Canada, Industry, Trade and Commerce = Gouvernement du Canada, Industrie et commerce, |c[1979] |
| 300 | |a1 online resource (1 volume (various pagings)) : |billustration, maps, graphs |
| 336 | |atext|btxt|2rdacontent |
| 337 | |acomputer|bc|2rdamedia |
| 338 | |aonline resource|bcr|2rdacarrier |
| 500 | |aDigitized edition from print [produced by Innovation, Science and Economic Development Canada]. |
| 504 | |aIncludes bibliographical references. |
| 650 | 0|aTrade missions. |
| 650 | 0|aConstruction industry|zCanada. |
| 650 | 0|aConstruction industry|zSaudi Arabia. |
| 650 | 6|aMissions commerciales. |
| 650 | 6|aConstruction|xIndustrie|zCanada. |
| 650 | 6|aConstruction|xIndustrie|zArabie saoudite. |
| 651 | 0|aSaudi Arabia|xCommerce|zCanada. |
| 651 | 0|aCanada|xCommerce|zSaudi Arabia. |
| 651 | 6|aArabie saoudite|xCommerce|zCanada. |
| 651 | 6|aCanada|xCommerce|zArabie saoudite. |
| 710 | 1 |aCanada. |bDepartment of Industry, Trade and Commerce, |eissuing body. |
| 856 | 40|qPDF|s2.47 MB|uhttps://publications.gc.ca/collections/collection_2025/isde-ised/Id37-25-1978-eng.pdf |